Housing demand and need in England 1996-2016. (Record no. 101240)

MARC details
000 -LEADER
fixed length control field 00672cam a2200265 4500
001 - CONTROL NUMBER
control field
008 - FIXED-LENGTH DATA ELEMENTS--GENERAL INFORMATION
fixed length control field 000000n2001 000 0 eng u
020 ## - INTERNATIONAL STANDARD BOOK NUMBER
International Standard Book Number 0902797972
035 ## - SYSTEM CONTROL NUMBER
System control number (Sirsi) u111399
041 ## - LANGUAGE CODE
Language code of text/sound track or separate title 306.1
100 ## - MAIN ENTRY--PERSONAL NAME
Personal name Holmans, Alan
110 ## - MAIN ENTRY--CORPORATE NAME
Corporate name or jurisdiction name as entry element Town and Country Planning Association
9 (RLIN) 3022
245 ## - TITLE STATEMENT
Title Housing demand and need in England 1996-2016.
260 ## - PUBLICATION, DISTRIBUTION, ETC.
Place of publication, distribution, etc. London
Name of publisher, distributor, etc. TCPA
Date of publication, distribution, etc. 2001
300 ## - PHYSICAL DESCRIPTION
Extent x, 121p. ; 30cm.
350 ## - PRICE (NR) (BK AM CF MU VM SE) [OBSOLETE]
Price 20.00
650 ## - SUBJECT ADDED ENTRY--TOPICAL TERM
Topical term or geographic name entry element STATISTICS
650 ## - SUBJECT ADDED ENTRY--TOPICAL TERM
Topical term or geographic name entry element FORECASTS
650 ## - SUBJECT ADDED ENTRY--TOPICAL TERM
Topical term or geographic name entry element OWNER-OCCUPIED HOUSING
650 ## - SUBJECT ADDED ENTRY--TOPICAL TERM
Topical term or geographic name entry element NEW HOMES
650 ## - SUBJECT ADDED ENTRY--TOPICAL TERM
Topical term or geographic name entry element HOUSEHOLDS
650 ## - SUBJECT ADDED ENTRY--TOPICAL TERM
Topical term or geographic name entry element SOCIAL RENTED SECTOR
690 ## - LOCAL SUBJECT ADDED ENTRY--TOPICAL TERM (OCLC, RLIN)
Topical term or geographic name as entry element HOUSING
942 ## - ADDED ENTRY ELEMENTS (KOHA)
Suppress in OPAC 0
Holdings
Withdrawn status Lost status Source of classification or shelving scheme Damaged status Not for loan Home library Current library Shelving location Date acquired Cost, normal purchase price Total Checkouts Full call number Barcode Date last seen Date last checked out Copy number Cost, replacement price Price effective from Koha item type
    Dewey Decimal Classification     London London Folio 20/03/2001 20.00 12 F306.1 HOL 30063824 06/08/2019 20/05/2004 1 20.00 06/08/2019 Book